| 000 | 00491cam a2200181ua 4500 | ||
|---|---|---|---|
| 020 |
_a9788120326361 _cRs.295 |
||
| 041 |
_aeng _h |
||
| 082 |
_a658.5752 _bCHI/PRI |
||
| 100 | _aA.K Chitale, R.C.Gupta . | ||
| 245 |
_aproduction design and manufacturing / _cA.K.Chitale,R.C. Gupta. _hTextual Documents |
||
| 250 |
_a3 / _b. |
||
| 260 |
_aNew Jersey : _bPrentice Hall Inc , _c2005. |
||
| 300 | _a436 ; . | ||
| 365 | _aRs.295 | ||
| 504 | _a | ||
| 942 | _cBK | ||
| 999 |
_c12369 _d12369 |
||